Globálne hodnotové reťazce a konkurencieschopnosť slovenskej ekonomiky diplomová práca

Saved in:
Bibliographic Details
Main Author: Švardová, Viktória, 1991-
Corporate Author: Národohospodárska fakulta EU. Katedra hospodárskej politiky
Other Authors: Lábaj, Martin, 1982-
Format: Book
Language:Slovak
Published: Bratislava 2017
Tags: Add Tag
No Tags, Be the first to tag this record!

MARC

LEADER 00000nbm a2200000 4500
001 0231840
005 20170807100842.9
041 0 |a slo 
044 |a SK 
245 1 0 |a Globálne hodnotové reťazce a konkurencieschopnosť slovenskej ekonomiky  |b diplomová práca  |c Viktória Švardová ; školiteľ: Martin Lábaj 
264 1 |a Bratislava  |c 2017 
300 |a 72 s. 
100 1 |a Švardová, Viktória, 1991- 
700 1 |a Lábaj, Martin, 1982- 
710 2 |a Národohospodárska fakulta EU. Katedra hospodárskej politiky